|
|
|
|
| LEADER |
00000nam a2200000 a 4500 |
| 001 |
UCP9981 |
| 003 |
CL-VaPUC |
| 008 |
000407e19560000SP |||||||||||||||||spa|d |
| 082 |
0 |
4 |
|a 270.6
|b RIC
|2 21
|
| 100 |
0 |
|
|a Richter, Federico
|e author
|9 440987
|
| 245 |
1 |
0 |
|a Martín Lutero e Ignacio de Loyola: representantes de dos mundos espirituales
|
| 300 |
|
|
|a 351 p
|
| 942 |
|
|
|c BK
|
| 945 |
|
|
|d 20000407 00:00:00
|a rherrera
|
| 260 |
|
|
|a Madrid
|b Fax
|c 1956
|
| 600 |
|
0 |
|a Ignacio de Loyola, Santo
|d 1491-1556
|9 392145
|
| 600 |
|
0 |
|a Lutero, Martín
|d 1483-1546
|9 859309
|
| 650 |
|
0 |
|a Historia de la iglesia
|9 257565
|
| 650 |
|
0 |
|a Catolicismo
|9 258690
|
| 650 |
|
0 |
|a Protestantismo
|9 317293
|
| 650 |
|
7 |
|a REFORMA RELIGIOSA
|2 CL-VaPUC
|9 257490
|
| 583 |
|
|
|a last modification
|c 20000407 00:00:00
|k Rodrigo Vera
|
| 999 |
|
|
|c 286761
|d 286759
|
| 952 |
|
|
|0 0
|1 0
|4 0
|6 270_600000000000000_RIC_1956
|7 0
|8 A
|9 332881
|a BIBHIS
|b BIBHIS
|d 2019-11-20
|i 1263870
|o 270.6 RIC 1956
|p 1263870
|r 2025-01-20
|w 2019-11-20
|y BK
|k HIS
|